Italian clubs from Serie A to Serie C (2025) - Statistiques

Statistiques générales
  • Ce quiz a été pris 61 fois
  • Le résultat moyen est 40 sur 100
Statistiques - réponses
Hint Réponse % Correct
Serie A AC Milan
100%
Serie A Internazionale
100%
Serie A SSC Napoli
98%
Serie A Torino
94%
Serie A AS Roma
91%
Serie A Juventus
91%
Serie C (C) Juventus U-23
91%
Serie A SS Lazio
91%
Serie A Atalanta
87%
Serie A Bologna
87%
Serie C (A) Atalanta U-23
85%
Serie A Fiorentina
85%
Serie A Genoa
85%
Serie A Parma
85%
Serie B Palermo
83%
Serie B Sampdoria
83%
Serie A Udinese
83%
Serie B Bari
77%
Serie A Hellas Verona
77%
Serie A Cagliari
74%
Serie A Venezia
74%
Serie A Lecce
72%
Serie A Como 1907
70%
Serie B Pisa
70%
Serie B Sassuolo
70%
Serie A Monza
66%
Serie A Empoli
60%
Serie C (B) Pescara
57%
Serie C (C) Catania FC
55%
Serie B Salernitana
55%
Serie C (A) Calcio Padova
49%
Serie C (B) SPAL Ferrara
49%
Serie B Spezia
49%
Serie C (A) Virtus Verona
49%
Serie B Brescia
47%
Serie C (A) AS Giana Erminio
43%
Serie B Cremonese
43%
Serie B Frosinone
43%
Serie B Modena
43%
Serie B Juve Stabia
40%
Serie C (B) Rimini FC
40%
Serie C (A) US Triestina
40%
Serie C (C) Benevento Calcio
38%
Serie B Catanzaro 1929
38%
Serie C (B) AC Perugia
36%
Serie B Cosenza Calcio
36%
Serie C (B) Ascoli Calcio
34%
Serie B Cesena
34%
Serie C (A) Novara FC
34%
Serie C (C) FC Crotone
32%
Serie C (C) FC Trapani
32%
Serie C (C) AC Riunite Messina
30%
Serie B Cittadella
30%
Serie C (C) Calcio Foggia
28%
Serie B FC Südtirol
28%
Serie C (A) Lecco 1912
28%
Serie C (A) Pro Vercelli
28%
Serie C (B) Ternana
28%
Serie C (C) US Avellino
28%
Serie C (B) AC Milan U-23
23%
Serie C (A) Vicenza
23%
Serie B Carrarese Calcio
21%
Serie C (B) Virtus Entella
21%
Serie C (A) AC Trento
19%
Serie C (A) Alcione Milano
19%
Serie C (B) Campobasso FC
19%
Serie C (C) Latina Calcio
19%
Serie C (B) SS Arezzo
19%
Serie C (B) AC Carpi
17%
Serie C (A) AC Renate
17%
Serie C (A) Pro Patria
17%
Serie C (C) Sorrento Calcio
17%
Serie C (C) SS Monopoli
17%
Serie C (C) Taranto FC
17%
Serie C (A) Unione Calcio AlbinoLeffe
17%
Serie C (A) FC Lumezzane
15%
Serie C (A) Feralpisalo
15%
Serie C (C) Potenza Calcio
15%
Serie C (C) ASD Altamura
13%
Serie C (C) Cavese 1919
13%
Serie C (B) Lucchese 1905
13%
Serie C (B) Vis Pesaro
13%
Serie C (A) ASD ArzignanoChiampo
11%
Serie C (C) Audace Cerignola
11%
Serie C (C) AZ Picerno
11%
Serie C (A) Calcio Caldiero Terme
11%
Serie C (C) Casertana FC
11%
Serie C (A) Clodiense SSD
11%
Serie C (B) Torres Calcio
11%
Serie C (B) US Pianese
11%
Serie C (B) AS Gubbio
9%
Serie C (B) AS Pineto
9%
Serie C (B) FC Legnago Salus
9%
Serie B Mantova 1911
9%
Serie C (A) US Pergolettese
9%
Serie C (B) US Sestri Levante
9%
Serie C (C) Giugliano Calcio
6%
Serie C (C) SS Turris Calcio
6%
Serie B Regiana 1919
4%
Serie C (B) US Città di Pontedera
0%
Aucun quiz correspondant
Distribution des résultats
% des personnes avec chaque résultat
Percentile par nombre de réponses
Votre historique - résultats
Vous n’avez pas pris ce quiz